Ο Μόγλης : το βιβλίο της ζούγκας
Saved in:
| Main Author: | |
|---|---|
| Format: | Book |
| Language: | Greek English |
| Published: |
Αθήνα :
Σ. Ι. Ζαχαρόπουλος,
c1988.
|
| Series: | Κλασική λογοτεχνία (Ζαχαρόπουλος)
104 |
| Subjects: | |
| Tags: |
Add Tag
No Tags, Be the first to tag this record!
|
MARC
| LEADER | 00000cam a2200000 a 4500 | ||
|---|---|---|---|
| 001 | 1/123783 | ||
| 008 | 211021s1988####gr | ||| |||| ||gre|| | ||
| 040 | |a GR-MyUa |b gre |c GR-MyUa |e AACR2 | ||
| 041 | 1 | |a gre |h eng | |
| 082 | 7 | |a 823 |2 (23) | |
| 100 | 1 | |a Kipling, Rudyard, |d 1865-1936. | |
| 245 | 1 | 2 | |a Ο Μόγλης : |b το βιβλίο της ζούγκας / |c Ράντγυαρντ Κίπλιγκ ; μετάφραση Αιμιλίας Ζαρίφη. Ο άνθρωπος και το έργο του : ένα δοκίμιο / του Άλκη Άγγέλογλου. |
| 260 | |a Αθήνα : |b Σ. Ι. Ζαχαρόπουλος, |c c1988. | ||
| 300 | |a 201 σ. ; |c 18 εκ. | ||
| 490 | 1 | |a (Κλασική λογοτεχνία / Ζαχαρόπουλος ; |v 104) | |
| 650 | 0 | |a English fiction. | |
| 830 | 0 | |a Κλασική λογοτεχνία (Ζαχαρόπουλος) |v 104 | |
| 970 | |a Κοντού |b Παρασκευή |z 21/10/2021 | ||